| 000 | 00419cam a2200157ua 4500 | ||
|---|---|---|---|
| 003 | OSt | ||
| 008 | 241226b |||||||| |||| 00| 0 eng d | ||
| 041 | _aeng | ||
| 082 |
_a371.271 _bSAJ/UG |
||
| 100 |
_aSajith Kumar , K . _96628 |
||
| 245 | _aUGC NET/SLET for Lectureship exam Paper 1 / | ||
| 260 |
_aNew Delhi : _bDanika Publishing Company , _c2009. |
||
| 300 | _a ; . | ||
| 700 | 1 |
_aGagan, M . _96629 |
|
| 942 | _cBK | ||
| 999 |
_c13529 _d13529 |
||